Backwardness in the basic subjects (Record no. 1328244)

MARC details
000 -LEADER
fixed length control field 00584nam a2200217Ia 4500
005 - DATE AND TIME OF LATEST TRANSACTION
control field 20250508151218.0
008 - FIXED-LENGTH DATA ELEMENTS--GENERAL INFORMATION
fixed length control field 008 250505s9999 xx 000 0 eng d
037 ## - SOURCE OF ACQUISITION
Stock number TextBook
040 ## - CATALOGING SOURCE
Original cataloging agency FEDL
Language of cataloging eng
Transcribing agency FEDL
041 ## - LANGUAGE CODE
Language code of text/sound track or separate title eng
Source of code eng
084 ## - COLON CLASSIFICATION NUMBER
Classification number 371.9, SCH
Assigning agency FEDL
100 ## - MAIN ENTRY--PERSONAL NAME
Personal name Schonell Fred. J
9 (RLIN) 139871
245 #0 - TITLE STATEMENT
Title Backwardness in the basic subjects
250 ## - EDITION STATEMENT
Edition statement 2
260 ## - PUBLICATION, DISTRIBUTION, ETC.
Place of publication, distribution, etc. London, UK
Name of publisher, distributor, etc. Oliver and Boyd
Date of publication, distribution, etc. 1945
300 ## - PHYSICAL DESCRIPTION
Extent xix,560p
365 ## - TRADE PRICE
Price type code INR
Price amount 75
650 ## - SUBJECT ADDED ENTRY--TOPICAL TERM
Topical term or geographic name entry element Special Education
9 (RLIN) 757710
942 ## - ADDED ENTRY ELEMENTS (KOHA)
Koha item type Textbook
Classification part 371.9, SCH
Holdings
Withdrawn status Lost status Damaged status Not for loan Home library Current library Date acquired Cost, normal purchase price Total Checkouts Full call number Barcode Date last seen Price effective from Koha item type
        Department of Education Library Department of Education Library 2025-05-08 75.00   371.9, SCH EL0008536 2025-05-08 2025-05-08 Textbook
Copyright @ Delhi University Library System